000 01595cam a22003977a 4500
003 CHAP
005 20220329134521.0
008 971013s1954 r 00010 d
010 _a21484
011 _a22456
035 _a26551
040 _cCHAP
082 _a595.7
_bB67
100 0 0 _aBorror, Donald J.
_913948
245 1 3 _aAn introduction to the study of insects
260 _aNew York :
_bRinehart,
_c1954
300 _a1030 p.
_b: ilus.
590 _aBATCH-UPD
_b10
_c20130110
_lUCH01
_h0014
590 _aBATCH-UPD
_b10
_c20130110
_lUCH01
_h2105
590 _aBATCH-UPD
_b10
_c20130410
_lUCH01
_h1417
590 _aBATCH-UPD
_b10
_c20130914
_lUCH01
_h0701
590 _aCONVERSION
_b10
_c20130109
_lUCH01
_h1313
650 1 4 _aEntomología.
_937113
650 1 4 _aInsectos
_xE.U.A.
_958914
700 0 _aDeLong, Dwight M.
_931703
901 _aBK
942 _cLIBRO
949 _a595.7 B67
_bBC
_cLIBRO
_d33724000371688
_eLIBRO
_fc.7
_h26940
_i26551
_si
_t1650.00
949 _a595.7 B67
_bBC
_cLIBRO
_d33724000371696
_eLIBRO
_fc.6
_h26939
_i26551
_si
_t1650.00
949 _a595.7 B67
_bBC
_cLIBRO
_d33724000371712
_eLIBRO
_fc.4
_h26937
_i26551
_si
_t1650.00
949 _a595.7 B67
_bBC
_cLIBRO
_d33724000371720
_eLIBRO
_fc.5
_h26938
_i26551
_si
_t1650.00
949 _a595.7 B67
_bBC
_cLIBRO
_d33724000665279
_eLIBRO
_fc.2
_h26935
_i26551
_si
_t1650.00
949 _a595.7 B67
_bBC
_cLIBRO
_d33724000906459
_eLIBRO
_fc.8
_h26941
_i26551
_si
_t1650.00
949 _a595.7 B67
_bBC
_cLIBRO
_d33724002009967
_eLIBRO
_fc.3
_h26936
_i26551
_si
_t1650.00
949 _a595.7 B67
_bBC
_cLIBRO
_d33724002344660
_eLIBRO
_fc.9
_h26942
_i26551
_si
_t1650.00
999 _c21484
_d21484